Die Ostverträge von 1970 und das Grundgesetz

Titel: Die Ostverträge von 1970 und das Grundgesetz : Die Treuhänderschaft d. Bundesrepublik Deutschland f. d. Selbstbestimmungsrecht d. Deutschen. / Von Helmut Schulz-Schaeffer
Verfasser:
Veröffentlicht: Hamburg : Hansischer Gildenverlag Heitmann, 1972
Umfang: VI, 74 S.
Format: Buch
Sprache: Deutsch
Schlagworte:
Kein Bild verfügbar
X
Lokale Klassifikation: 3 7 O ; 41 7 O ; 32 7 O
alg: 7461445
001A    $06000:29-06-99 
001B    $01999:12-05-23 $t22:16:11.000 
001C    $06002:27-02-06 $t19:28:49.000 
001D    $09999:99-99-99 
001U    $0utf8 
001X    $00 
002@    $0Aaxaf 
003@    $0074614452 
003O    $0150693701 $aOCoLC 
004A    $fkart. : DM 9.80 
006G    $0720089867 
006U    $072,A23,0063 
007A    $0720089867 $aDNB 
007T    $0Herdhh074614452 
010@    $ager 
011@    $a1972 $n1972 
015@    $00 
021A    $aDie @Ostverträge von 1970 und das Grundgesetz $dDie Treuhänderschaft d. Bundesrepublik Deutschland f. d. Selbstbestimmungsrecht d. Deutschen. $hVon Helmut Schulz-Schaeffer 
025@    $aDie @Ostverträge von neunzehnhundertsiebzig und das Grundgesetz 
028A    $#Schaeffer, Helmut S.- $D20220215 $Ecgwrk $71158151799 $8Schulz-Schaeffer, Helmut [Tp6] $9430020945 
033A    $pHamburg $nHansischer Gildenverlag Heitmann 
034D    $aVI, 74 S. 
044F    $aOstvertrag 
044F    $aVerfassungsrecht 
044F    $aSelbstbestimmungsrecht 
044F    $bPolen 
044F    $bSowjetunion 
045E    $b04a $b06a 
045F    $a900.9430904 $eDDC23BSB 
045F/01 $a900 
045F/03 $f0904 
045F/03 $g43 
045F/03 $g471 
045F/03 $g438 

lok: 7461445 3

exp: 7461445 3 1 #EPN
201B/01 $005-05-11 $t06:09:31.000 
201U/01 $0utf8 
203@/01 $0618615776 
206W/01 $0UB1-t2450837 
208@/01 $a01-01-11 $brAa 
209A/01 $a10.372.29 $du $f000 $x00 
209B/01 $aStUB-Retro $x05 
209G/01 $a10372291 $x00 
209U/01 $qimage/gif $A2 $3Katalogkarte der UB Frankfurt $uhttp://resolver.hebis.de/retro/t2450837 $mV:DE-603;B:DE-30 
247C/01 $8601000-3 <30>Frankfurt, Universitätsbibliothek J. C. Senckenberg, Zentralbibliothek (ZB) $9102598258 

lok: 7461445 15

exp: 7461445 15 1 #EPN
201B/01 $027-02-03 $t13:29:53.000 
201C/01 $027-02-03 
203@/01 $0181146142 
208@/01 $a27-02-03 $bz 
209A/01 $a-Mag- C 1967 $du $f100 $h-MAG- C 1967 $x00 
209C/01 $aSTB 72/2289 $hSTB 72 2289 
209G/01 $a01314467 $x00 
247C/01 $8655100-2 <123>Worms, Stadtbibliothek Worms $9102600732 
201U/01 $0utf8 

lok: 7461445 24
101B    $013-08-09 $t11:00:12.000 
101C    $013-08-09 
101U    $0utf8 
145Z/01 $a3 7 O 
145Z/02 $a41 7 O 
145Z/03 $a32 7 O 

exp: 7461445 24 1 #EPN
201B/01 $013-08-09 $t11:00:12.000 
201C/01 $013-08-09 
201U/01 $0utf8 
203@/01 $0580546136 
208@/01 $a13-08-09 $br 
209A/01 $a3 VII O 94 $du $f050 $h3 7 O 94 $x00 
209C/01 $a3637 K 72 $h72 3637 K 
209G/01 $a72419278 $x00 
220C/01 $ash 
247C/01 $8358050-7 Marburg, Bibliothek des Herder-Instituts Marburg $9102600961 

lok: 7461445 25

exp: 7461445 25 1 #EPN
201B/01 $030-12-25 $t11:36:50.000 
201C/01 $004-11-02 
201U/01 $0utf8 
203@/01 $0177341629 
208@/01 $a04-11-02 $br 
209A/01 $aBfa 2210 $dd $f092 $x00 
209C/01 $a20806/74 
209G/01 $a74738136 $x00 
209G/01 $aOsteuropäische Geschichte $x01 
247C/01 $8651092-9 <77/092>Mainz, Universität Mainz, Bereichsbibliothek Philosophicum, Standort Osteuropäische Geschichte $9102600414 

lok: 7461445 78

exp: 7461445 78 1 #EPN
201B/01 $019-04-17 $t18:30:38.000 
201U/01 $0utf8 
203@/01 $0793056330 
208@/01 $a12-11-16 $be 
209A/01 $a/ $f000 $x00 
237A/01 $aweiterführende Signatur(en):  3 VII O 94 
244Z/01 $2Trx $#Poola $#Lenkija $#Polija $#Polen Land $#Poland $#Lengyelország $#Poľsko $#Polsko $8--Trx--Polska$gkraj $x01 $9391345966 
244Z/01 $2Trx $#enesemääramise õigus $#apsisprendimo teisė $#Right of self-determination $#önmeghatározási jog $#prawo do samostanowienia $#právo na sebaurčenie $#právo na sebeurčení $8--Trx--Selbstbestimmungsrecht $x02 $9391375504 
244Z/01 $2Trx $8--Trx--Monographie $x03 $9391384546 
245Z/01 $a06.04.04 $x01 
247C/01 $82080>Marburg/Lahn, Herder-Institut, Forschungsbibliothek, Bibliographieportal $9336309341 

lok: 7461445 204

exp: 7461445 204 1 #EPN
201B/01 $031-01-08 $t13:55:17.000 
201C/01 $028-11-02 
201U/01 $0utf8 
203@/01 $0178296643 
208@/01 $a28-11-02 $brl01 
209A/01 $a82 Ale 1972 $du $f010 $h010 82 ale 1972 $x00 
209C/01 $a1871/72 $h010 1871 72 
209G/01 $a83730463 $x00 
245Z/01 $a82 Ale $x01 
247C/01 $8631010-2 <26/010>Gießen, Universität Gießen, Zweigbibliothek Recht und Wirtschaft $9102596751
LEADER 00000cam a22000002c 4500
001 074614452
003 DE-603
005 20230512221611.0
007 tu
008 990629s1972 xx |||| | u00||u|ger
015 |a 72,A23,0063  |2 dnb 
016 7 |2 DE-101  |a 720089867 
035 |a (DE-599)DNB720089867 
035 |a (OCoLC)150693701 
040 |a DE-603  |b ger  |c DE-603  |d DE-603 
041 |a ger 
082 0 4 |8 1\u  |a 900.9430904  |q DE-101  |2 23/BSB 
084 |a 04a  |a 06a  |q DE-101  |2 sdnb 
085 |8 1\u  |b 900 
085 |8 1\u  |z 1  |s 0904 
085 |8 1\u  |z 2  |s 43 
085 |8 1\u  |z 2  |s 471 
085 |8 1\u  |z 2  |s 438 
100 1 |a Schulz-Schaeffer, Helmut  |0 (DE-603)430020945  |0 (DE-588)1158151799  |2 gnd 
245 0 0 |a ˜Dieœ Ostverträge von 1970 und das Grundgesetz  |b Die Treuhänderschaft d. Bundesrepublik Deutschland f. d. Selbstbestimmungsrecht d. Deutschen.  |c Von Helmut Schulz-Schaeffer 
246 1 3 |a ˜Dieœ Ostverträge von neunzehnhundertsiebzig und das Grundgesetz 
264 1 |a Hamburg  |b Hansischer Gildenverlag Heitmann  |c 1972 
300 |a VI, 74 S. 
650 7 |a Ostvertrag  |2 local 
650 7 |a Verfassungsrecht  |2 local 
650 7 |a Selbstbestimmungsrecht  |2 local 
651 7 |a Polen  |2 local 
651 7 |a Sowjetunion  |2 local 
924 0 |9 30  |a (DE-603)618615776  |b DE-30  |c HES  |d c  |g 10.372.29 
924 0 |9 123  |a (DE-603)181146142  |b DE-123  |c HES  |d c  |g -Mag- C 1967 
924 0 |9 Mb 50  |a (DE-603)580546136  |b DE-Mb50  |c HES  |d c  |g 3 VII O 94 
924 0 |9 77/092  |a (DE-603)177341629  |b DE-77-092  |c HES  |d d  |g Bfa 2210 
924 0 |9 2080  |a (DE-603)793056330  |b DE-2080  |c HES  |d d  |g / 
924 0 |9 26/010  |a (DE-603)178296643  |b DE-26-010  |c HES  |d c  |g 82 Ale 1972